Christianity and Islam : (Record no. 1310)
[ view plain ]
| 000 -LEADER | |
|---|---|
| fixed length control field | 00934cam a2200289 4500 |
| 001 - CONTROL NUMBER | |
| control field | 4265874 |
| 003 - CONTROL NUMBER IDENTIFIER | |
| control field | GBCCL |
| 005 - DATE AND TIME OF LATEST TRANSACTION | |
| control field | 20241126110358.0 |
| 008 - FIXED-LENGTH DATA ELEMENTS--GENERAL INFORMATION | |
| fixed length control field | 980629s1998 ii b 001 0 eng d |
| 020 ## - INTERNATIONAL STANDARD BOOK NUMBER | |
| International Standard Book Number | 8172144113 |
| 035 ## - SYSTEM CONTROL NUMBER | |
| System control number | (OCoLC)ocn686058113 |
| 035 ## - SYSTEM CONTROL NUMBER | |
| System control number | 4265874 |
| 040 ## - CATALOGING SOURCE | |
| Original cataloging agency | DWT |
| Transcribing agency | DWT |
| Modifying agency | MH-AH |
| -- | CStRLIN |
| 082 ## - DEWEY DECIMAL CLASSIFICATION NUMBER | |
| Classification number | 261.27 |
| Item number | DHA |
| 100 1# - MAIN ENTRY--PERSONAL NAME | |
| Personal name | Dharmaraj, Glory E., |
| Dates associated with a name | 1945- |
| 9 (RLIN) | 2554 |
| 245 10 - TITLE STATEMENT | |
| Title | Christianity and Islam : |
| Remainder of title | a missiological encounter / |
| Statement of responsibility, etc. | by Glory E. Dharmaraj, Jacob S. Dharmaraj. |
| 250 ## - EDITION STATEMENT | |
| Edition statement | Rev ed. |
| 260 ## - PUBLICATION, DISTRIBUTION, ETC. | |
| Place of publication, distribution, etc. | Delhi : |
| Name of publisher, distributor, etc. | ISPCK, |
| Date of publication, distribution, etc. | 1999. |
| 300 ## - PHYSICAL DESCRIPTION | |
| Extent | x, 321 p. : |
| Other physical details | map ; |
| Dimensions | 22 cm. |
| 504 ## - BIBLIOGRAPHY, ETC. NOTE | |
| Bibliography, etc. note | Includes bibliographical references (p. [311]-318) and index. |
| 650 #0 - SUBJECT ADDED ENTRY--TOPICAL TERM | |
| Topical term or geographic name entry element | Christianity and other religions |
| General subdivision | Islam. |
| 9 (RLIN) | 1068 |
| 650 #0 - SUBJECT ADDED ENTRY--TOPICAL TERM | |
| Topical term or geographic name entry element | Islam |
| General subdivision | Relations |
| -- | Christianity. |
| 9 (RLIN) | 1067 |
| 650 #0 - SUBJECT ADDED ENTRY--TOPICAL TERM | |
| Topical term or geographic name entry element | Missions. |
| 9 (RLIN) | 885 |
| 650 #0 - SUBJECT ADDED ENTRY--TOPICAL TERM | |
| Topical term or geographic name entry element | Islam |
| General subdivision | Missions. |
| 9 (RLIN) | 2555 |
| 700 1# - ADDED ENTRY--PERSONAL NAME | |
| Personal name | Dharmaraj, Jacob S. |
| 9 (RLIN) | 2556 |
| 942 ## - ADDED ENTRY ELEMENTS (KOHA) | |
| Source of classification or shelving scheme | Dewey Decimal Classification |
| Koha item type | Books |
| Koha issues (borrowed), all copies | 13 |
| Withdrawn status | Lost status | Source of classification or shelving scheme | Damaged status | Not for loan | Home library | Current Library | Shelving location | Date acquired | Total checkouts | Full call number | Barcode | Date last seen | Date last checked out | Copy number | Price effective from | Koha item type | Source of acquisition | Total renewals |
|---|---|---|---|---|---|---|---|---|---|---|---|---|---|---|---|---|---|---|
| Dewey Decimal Classification | GRACE BIBLE COLLEGE | GRACE BIBLE COLLEGE | Ministry & Mission | 2017-04-24 | 7 | 261.27 DHA | 006775 | 2025-05-01 | 2025-02-25 | c.1 | 2017-04-24 | Books | ||||||
| Dewey Decimal Classification | GRACE BIBLE COLLEGE | GRACE BIBLE COLLEGE | Ministry & Mission | 2018-04-30 | 8 | 261.27 DHA | 014646 | 2025-10-06 | 2025-09-30 | c.2 | 2018-04-30 | Books | gift | 1 |